000 00570nam a2200205 a 4500
001 14553
003 CO-ViMGA
008 141112s2004 ck r 000 u spa d
020 _a9586821927
040 _aCO-ViMGA
_bspa
_cCO-ViMGA
082 _a986.1 G171r
100 1 _aGaray, Luis Jorge
_911217
245 1 0 _aRepensar a Colombia
260 _aBogotá :
_bAlfaomega,
_c2002
300 _a51 p.
590 _aForma de adquisición : Mincultura
650 1 4 _aCOLOMBIA - CONDICIONES SOCIALES
_911218
650 1 4 _aPROBLEMAS SOCIALES - COLOMBIA
_911219
942 _2ddc
_cBK
999 _c10811
_d10811